Studies in the biosynthesis of vindoline /

Bibliographic Details
Main Author: Perez Ramos, Sara Ligia, 1960-
Format: Thesis eBook
Language:English
Published: [Place of publication not identified] : [publisher not identified] ; 1986.
Subjects:
Online Access:Link to OAKTrust copy

MARC

Tag First Indicator Second Indicator Subfields
LEADER 00000cam a2200000 a 4500
001 in00000015109
005 20220103115020.0
007 cr unu a
008 880606s1986 xx a b 00010 eng d
035 |9 AAA9919AM 
035 |a (OCoLC)18040283 
040 |a TXA  |c TXA  |d UtOrBLW 
049 |a TXAZ [Also in] [Archives]  |c 1 [A09509309], 2 [A09509317] 
099 |a 1986  |a Thesis  |a P438 
100 1 |a Perez Ramos, Sara Ligia,  |d 1960- 
245 1 0 |a Studies in the biosynthesis of vindoline /  |c by Sara Ligia Perez Ramos. 
264 1 |a [Place of publication not identified] :  |b [publisher not identified] ;  |c 1986. 
300 |a ix, 70 leaves :  |b illustrations ;  |c 29 cm. 
336 |a text  |b txt  |2 rdacontent 
337 |a computer  |b c  |2 rdamedia 
338 |a online resource  |b cr  |2 rdacarrier 
500 |a "Major subject: Chemistry." 
500 |a Typescript (photocopy). 
500 |a Vita. 
502 |b M.S.  |c Texas A&M University  |d 1986. 
504 |a Bibliography: leaves 64-67. 
530 |a Also available online. 
650 0 |a Botanical chemistry. 
650 0 |a Indole alkaloids  |x Synthesis. 
650 4 |a Major chemistry. 
856 4 1 |u https://hdl.handle.net/1969.1/ETD-TAMU-1986-THESIS-P438  |z Link to OAKTrust copy  |t 0 
999 |a MARS 
999 f f |s c2b029ff-70e3-34f3-9941-76f23dc5c7e1  |i 205bf2e9-c550-3997-8f2f-e283e9e72ee1  |t 0 
952 f f |p noncirc  |a Texas A&M University  |b J.J. Pickle Campus  |c High Density Repository  |s HDR  |d Remote Storage  |t 0  |e 1986 Thesis P438  |h Other scheme  |i computer -- online resource  |m A14839617784 
952 f f |a Texas A&M University  |b College Station  |c Electronic Resources  |s www_evans  |d Available Online  |t 0  |e 1986 Thesis P438  |h Other scheme 
998 f f |a 1986 Thesis P438  |t 0  |l Available Online 
998 f f |a 1986 Thesis P438  |t 0  |l Remote Storage